00523cam a22002051 4500001001300000003000400013005001700017008004100034010001700075035002000092040003700112042001200149050001500161100002200176245002400198260004500222300001900267490001600286999001500302af 49001224 DLC20260227110918.0900723s1945 be 000 0 dut c aaf 49001224  a(OCoLC)22132562 aCalifornia. Univ. Libr.cCUdDLC apremarc00aPZ13b.H471 aHengelaar, Jozef.13aEr groeien idealen! a[Roeselare,bHernieuwen-Uitgaven,c1945] a129 p.c21 cm.0 aChiro-reeks c6892d6892